[Event "Split op 2nd"]
[Site "Split"]
[Date "2012.08.19"]
[Round "9"]
[White "Mestrovic, Josip"]
[Black "Sivic, Jernej"]
[Result "0-1"]
[WhiteElo "1974"]
[BlackElo "2119"]
[PlyCount "110"]
[EventDate "2012.08.11"]
[EventType "swiss"]
[EventRounds "9"]
[EventCountry "CRO"]
[SourceTitle "CBM 149 Extra"]
[Source "ChessBase"]
[SourceDate "2012.08.24"]
[SourceVersion "1"]
[SourceVersionDate "2012.08.24"]
[SourceQuality "1"]

1. d4 g6 2. c4 Bg7 3. Nf3 d6 4. Nc3 c5 5. dxc5 Bxc3+ 6. bxc3 dxc5 7. Qc2 Nf6 8. e4 0-0 9. Bd3 Qc7 10. e5 Ng4 11. Bf4 Nc6 12. 0-0 Ngxe5 13. Nxe5 Nxe5 14. Qe2 f6 15. Rfe1 e6 16. Bxe5 Qxe5 17. Qxe5 fxe5 18. Rxe5 b6 19. Be4 Rb8 20. Rd1 Kf7 21. f4 Ke7 22. g3 Rd8 23. Rxd8 Kxd8 24. h4 Ke7 25. h5 Kf7 26. Kf2 Bb7 27. hxg6+ hxg6 28. Bd3 Rh8 29. Rg5 Rh6 30. Ke3 Kf6 31. Re5 Bc6 32. g4 Rh3+ 33. Kd2 Rf3 34. g5+ Ke7 35. Bxg6 Rxf4 36. Bd3 Rg4 37. g6 Kf6 38. Re2 Rg2 39. Rxg2 Bxg2 40. Ke3 Bc6 41. Kf4 Be8 42. g7 e5+ 43. Ke4 Bc6+ 44. Ke3 Kxg7 45. a3 Kf6 46. Bc2 Ke6 47. Bd3 Kd6 48. Bc2 Kc7 49. Bd3 Kb7 50. Be4 Bxe4 51. Kxe4 Ka6 52. Kxe5 Ka5 53. Kd5 Ka4 54. Kc6 Kxa3 55. Kb7 Kb3 0-1

[Event "Split SDZ op"]
[Site "Split"]
[Date "2012.03.22"]
[Round "6"]
[White "Milosavljevic, Jovan"]
[Black "Mestrovic, Josip"]
[Result "0-1"]
[WhiteElo "2121"]
[BlackElo "1914"]
[PlyCount "108"]
[EventDate "2012.03.17"]
[EventType "swiss"]
[EventRounds "9"]
[EventCountry "CRO"]
[SourceTitle "EXT 2013"]
[Source "ChessBase"]
[SourceDate "2012.11.22"]
[SourceVersion "1"]
[SourceVersionDate "2012.11.22"]
[SourceQuality "1"]

1. d4 d5 2. c4 e6 3. Nf3 Nf6 4. Nc3 Nbd7 5. Bg5 Be7 6. e3 c6 7. Bd3 dxc4 8. Bxc4 b5 9. Bb3 Bb7 10. 0-0 a6 11. Qe2 c5 12. Rad1 Qb6 13. Ne5 Rd8 14. Nxd7 Rxd7 15. Bxf6 Bxf6 16. dxc5 Qxc5 17. Rxd7 Kxd7 18. Rd1+ Kc8 19. Qe1 Kb8 20. Rc1 Qg5 21. e4 b4 22. h4 Qxh4 23. Na4 Qxe4 24. Qxe4 Bxe4 25. Rc4 Bb7 26. Rxb4 Rc8 27. f3 Ka7 28. Kf2 Bd5 29. Nb6 Bd4+ 30. Rxd4 Kxb6 31. Bxd5 Rc2+ 32. Kg3 exd5 33. Rxd5 Rxb2 34. Rd7 Rxa2 35. Rxf7 Rc2 36. Rxg7 Rc7 37. Rg8 a5 38. Rb8+ Rb7 39. Ra8 Kb5 40. Kh4 Kb4 41. g4 a4 42. g5 Kb3 43. f4 a3 44. Kh5 Rb4 45. f5 Ra4 46. Rb8+ Kc2 47. Rc8+ Kd2 48. Rd8+ Ke2 49. Rb8 a2 50. Rb2+ Kf3 51. Rxa2 Rxa2 52. g6 Rh2+ 53. Kg5 h6+ 54. Kf6 Kf4 0-1

[Event "Split SDZ op"]
[Site "Split"]
[Date "2012.03.19"]
[Round "3"]
[White "Mestrovic, Josip"]
[Black "Bocina, Darko"]
[Result "1/2-1/2"]
[WhiteElo "1914"]
[BlackElo "2150"]
[PlyCount "24"]
[EventDate "2012.03.17"]
[EventType "swiss"]
[EventRounds "9"]
[EventCountry "CRO"]
[SourceTitle "EXT 2013"]
[Source "ChessBase"]
[SourceDate "2012.11.22"]
[SourceVersion "1"]
[SourceVersionDate "2012.11.22"]
[SourceQuality "1"]

1. d4 d5 2. c4 e6 3. cxd5 exd5 4. Nc3 Nf6 5. Bg5 Be7 6. Nf3 c6 7. e3 Bf5 8. Bd3 Bxd3 9. Qxd3 0-0 10. Ne5 Nfd7 11. Bxe7 Qxe7 12. Nxd7 Nxd7 1/2-1/2

[Event "CRO-chT U20 20th"]
[Site "Sv Filip i Jakov"]
[Date "2011.05.01"]
[Round "11"]
[White "Mestrovic, Josip"]
[Black "Blazeka, Damjan"]
[Result "1-0"]
[WhiteElo "1859"]
[BlackElo "2060"]
[PlyCount "49"]
[EventDate "2011.04.26"]
[EventType "team-tourn"]
[EventRounds "11"]
[EventCountry "CRO"]
[SourceTitle "EXT 2012"]
[Source "ChessBase"]
[SourceDate "2011.11.24"]
[SourceVersion "1"]
[SourceVersionDate "2011.11.24"]
[SourceQuality "1"]

1. d4 Nf6 2. Nf3 g6 3. c4 Bg7 4. Nc3 0-0 5. e4 d6 6. Be2 e5 7. d5 a5 8. h3 Na6 9. Be3 Bd7 10. 0-0 Ne8 11. a3 f5 12. b4 f4 13. Bd2 axb4 14. axb4 Nf6 15. Qb3 g5 16. c5 g4 17. hxg4 Bxg4 18. c6 Qb8 19. Ra2 b5 20. Rfa1 Qb6 21. Ra5 Ra7 22. Rxb5 Nc5 23. Qb2 Rxa1+ 24. Qxa1 Nb3 25. Qa4 1-0

[Event "CRO-chT U20 20th"]
[Site "Sv Filip i Jakov"]
[Date "2011.04.26"]
[Round "1"]
[White "Ivekovic, Tihana"]
[Black "Mestrovic, Josip"]
[Result "1-0"]
[WhiteElo "1994"]
[BlackElo "1859"]
[PlyCount "93"]
[EventDate "2011.04.26"]
[EventType "team-tourn"]
[EventRounds "11"]
[EventCountry "CRO"]
[SourceTitle "EXT 2012"]
[Source "ChessBase"]
[SourceDate "2011.11.24"]
[SourceVersion "1"]
[SourceVersionDate "2011.11.24"]
[SourceQuality "1"]

1. e4 c5 2. Nf3 a6 3. d3 Nc6 4. Nc3 d6 5. g3 g6 6. Bg2 Bg7 7. 0-0 e5 8. Nd5 Nge7 9. Bg5 f5 10. Qd2 0-0 11. Nh4 Rb8 12. exf5 gxf5 13. c3 Be6 14. Rfe1 Qd7 15. Nxe7+ Nxe7 16. Bh6 Rf7 17. Bxg7 Rxg7 18. f4 c4 19. dxc4 e4 20. Bf1 b5 21. cxb5 axb5 22. Rad1 d5 23. Qd4 b4 24. Ng2 Nc6 25. Qc5 bxc3 26. bxc3 Qa7 27. Qxa7 Rxa7 28. Ne3 Ra5 29. a4 Rb3 30. Bb5 Na7 31. Nxd5 Nxb5 32. axb5 Ra2 33. Nb4 Ra5 34. Nc6 Ra2 35. Ra1 Rxb5 36. Nd4 Rxa1 37. Rxa1 Rb6 38. Ra5 e3 39. Re5 Rb1+ 40. Kg2 Rb2+ 41. Kf3 Bf7 42. Kxe3 Rxh2 43. Nxf5 Rh3 44. Kd4 Bg6 45. Ne7+ Kg7 46. Re3 h5 47. c4 1-0

[Event "CRO-ch U19"]
[Site "Bjelolasica"]
[Date "2010.07.31"]
[Round "9"]
[White "Mestrovic, Josip"]
[Black "Kovacic, Dominik"]
[Result "1-0"]
[WhiteElo "1833"]
[BlackElo "1864"]
[PlyCount "57"]
[EventDate "2010.07.25"]
[EventType "swiss"]
[EventRounds "9"]
[EventCountry "CRO"]
[SourceTitle "CBM 137 Extra"]
[Source "ChessBase"]
[SourceDate "2010.09.01"]
[SourceVersion "1"]
[SourceVersionDate "2010.09.01"]
[SourceQuality "1"]

1. d4 Nf6 2. Nf3 g6 3. c4 Bg7 4. Nc3 d6 5. e4 0-0 6. Be2 e5 7. d5 Ne8 8. b4 f5 9. c5 f4 10. a4 g5 11. Ba3 g4 12. Nd2 h5 13. Qb3 Rf7 14. 0-0-0 Bf8 15. f3 Qf6 16. Kc2 Kh7 17. Nc4 c6 18. cxd6 Nxd6 19. Nxd6 Bxd6 20. dxc6 Nxc6 21. Rxd6 Nd4+ 22. Rxd4 exd4 23. Nd5 Qc6+ 24. Kb1 Be6 25. Rc1 Bxd5 26. exd5 Qe8 27. Bd3+ Kh6 28. Be4 Re7 29. Qc2 1-0

[Event "CRO-ch U19"]
[Site "Bjelolasica"]
[Date "2010.07.29"]
[Round "7"]
[White "Mestrovic, Josip"]
[Black "Vucic, Mihovil"]
[Result "1-0"]
[WhiteElo "1833"]
[BlackElo "1921"]
[PlyCount "75"]
[EventDate "2010.07.25"]
[EventType "swiss"]
[EventRounds "9"]
[EventCountry "CRO"]
[SourceTitle "CBM 137 Extra"]
[Source "ChessBase"]
[SourceDate "2010.09.01"]
[SourceVersion "1"]
[SourceVersionDate "2010.09.01"]
[SourceQuality "1"]

1. d4 d5 2. Nf3 Nf6 3. c4 e6 4. Nc3 Be7 5. Bg5 0-0 6. e3 Nbd7 7. Bd3 dxc4 8. Bxc4 a6 9. a4 c5 10. 0-0 cxd4 11. exd4 Nb6 12. Bd3 Nfd5 13. Bxe7 Qxe7 14. a5 Nxc3 15. bxc3 Nd5 16. Re1 Qc7 17. c4 Nf4 18. Bf1 Bd7 19. g3 Ng6 20. Ne5 Bc6 21. Nxc6 Qxc6 22. Qb3 Rfd8 23. Bg2 Qc7 24. d5 exd5 25. Bxd5 Rd7 26. Reb1 Rb8 27. Qf3 Ne5 28. Qf4 Ng6 29. Qxc7 Rxc7 30. Rb6 Ne7 31. Rab1 Nxd5 32. cxd5 f6 33. Rxa6 Rd8 34. Ra7 Rxd5 35. a6 Rc8 36. Raxb7 Rdd8 37. a7 Ra8 38. Rb8 1-0

[Event "CRO-ch U19"]
[Site "Bjelolasica"]
[Date "2010.07.26"]
[Round "3"]
[White "Jusup, Matej"]
[Black "Mestrovic, Josip"]
[Result "1-0"]
[WhiteElo "2048"]
[BlackElo "1833"]
[PlyCount "35"]
[EventDate "2010.07.25"]
[EventType "swiss"]
[EventRounds "9"]
[EventCountry "CRO"]
[SourceTitle "CBM 137 Extra"]
[Source "ChessBase"]
[SourceDate "2010.09.01"]
[SourceVersion "1"]
[SourceVersionDate "2010.09.01"]
[SourceQuality "1"]

1. e4 c5 2. c3 Nf6 3. e5 Nd5 4. Bc4 e6 5. d4 d6 6. Nf3 Nc6 7. 0-0 Nb6 8. Bb3 cxd4 9. exd6 Bxd6 10. cxd4 0-0 11. Nc3 e5 12. Bg5 Qd7 13. d5 Ne7 14. a4 Qd8 15. a5 Nd7 16. Ne4 f6 17. Nxd6 fxg5 18. Ne4 1-0

[Event "CRO-chT U20 18th"]
[Site "Sv Filip i Jakov"]
[Date "2009.04.18"]
[Round "9"]
[White "Turk, Karlo"]
[Black "Mestrovic, Josip"]
[Result "1/2-1/2"]
[WhiteElo "1767"]
[BlackElo "1814"]
[PlyCount "57"]
[EventDate "2009.04.14"]
[EventType "team-tourn"]
[EventRounds "11"]
[EventCountry "CRO"]
[SourceTitle "CBM 129 Extra"]
[Source "ChessBase"]
[SourceDate "2009.05.05"]
[SourceVersion "2"]
[SourceVersionDate "2009.05.20"]
[SourceQuality "1"]

1. d4 Nf6 2. Bg5 d5 3. Nf3 c6 4. e3 e6 5. Bxf6 Qxf6 6. c4 Bd6 7. Nc3 0-0 8. Bd3 Nd7 9. 0-0 b6 10. e4 dxe4 11. Nxe4 Qe7 12. Qe2 h6 13. Rfe1 Bb7 14. Rad1 Rfe8 15. Nxd6 Qxd6 16. Ne5 Nf6 17. c5 bxc5 18. dxc5 Qe7 19. Be4 Nxe4 20. Rd7 Qxc5 21. Qxe4 Re7 22. Nd3 Qg5 23. h4 Qf6 24. Rxe7 Qxe7 25. Ne5 c5 26. Qa4 a6 27. Rd1 Rd8 28. Rxd8+ Qxd8 29. Qd7 1/2-1/2

[Event "CRO-chT U20 18th"]
[Site "Sv Filip i Jakov"]
[Date "2009.04.17"]
[Round "8"]
[White "Mestrovic, Josip"]
[Black "Sagi, Franko"]
[Result "1/2-1/2"]
[WhiteElo "1814"]
[BlackElo "2044"]
[PlyCount "88"]
[EventDate "2009.04.14"]
[EventType "team-tourn"]
[EventRounds "11"]
[EventCountry "CRO"]
[SourceTitle "CBM 129 Extra"]
[Source "ChessBase"]
[SourceDate "2009.05.05"]
[SourceVersion "2"]
[SourceVersionDate "2009.05.20"]
[SourceQuality "1"]

1. d4 g6 2. c4 Bg7 3. Nc3 c6 4. e4 d6 5. Nf3 Bg4 6. Be2 Nf6 7. 0-0 0-0 8. Qc2 Nbd7 9. Rd1 Qc7 10. Be3 Rad8 11. Rd2 a6 12. a4 c5 13. dxc5 Nxc5 14. Rad1 Rc8 15. Bg5 e6 16. Rxd6 Nfxe4 17. Nxe4 Bf5 18. Bd3 Bxe4 19. Bxe4 f5 20. Bxb7 Qxb7 21. Be3 Rfe8 22. Bxc5 Rxc5 23. b3 e5 24. Rd7 Rc7 25. Qd2 e4 26. Ng5 Rxd7 27. Qxd7 Qxd7 28. Rxd7 Bf6 29. Nh3 Rb8 30. g3 Rxb3 31. Rd6 Be7 32. Rxa6 Rb1+ 33. Kg2 Rc1 34. Ra8+ Kf7 35. Ra7 Kf8 36. a5 Rxc4 37. a6 g5 38. Rb7 Ra4 39. a7 Kf7 40. Nxg5+ Kf6 41. Nxh7+ Ke6 42. h4 Bc5 43. Ng5+ Kf6 44. Nh3 Rxa7 1/2-1/2

[Event "CRO-chT U20 18th"]
[Site "Sv Filip i Jakov"]
[Date "2009.04.14"]
[Round "1"]
[White "Mestrovic, Josip"]
[Black "Monjac, Mislav"]
[Result "0-1"]
[WhiteElo "1814"]
[BlackElo "1833"]
[PlyCount "100"]
[EventDate "2009.04.14"]
[EventType "team-tourn"]
[EventRounds "11"]
[EventCountry "CRO"]
[SourceTitle "CBM 129 Extra"]
[Source "ChessBase"]
[SourceDate "2009.05.05"]
[SourceVersion "2"]
[SourceVersionDate "2009.05.20"]
[SourceQuality "1"]

1. d4 d5 2. Nf3 Nf6 3. c4 c6 4. b3 Bf5 5. Nbd2 e6 6. a3 Bd6 7. e3 0-0 8. Bb2 Nbd7 9. Be2 b6 10. 0-0 Qc7 11. Rc1 Ne4 12. h3 Qb7 13. b4 Rac8 14. Ba1 c5 15. dxc5 bxc5 16. Nxe4 Bxe4 17. Ng5 Bg6 18. cxd5 Qxd5 19. Qxd5 exd5 20. bxc5 Bxc5 21. Rfd1 Bxa3 22. Rxc8 Rxc8 23. Rxd5 Nb6 24. Rd1 Bc2 25. Rd2 Bb4 26. Rd4 a5 27. g3 Bb3 28. Kg2 Bc5 29. Rd2 a4 30. Bg4 Re8 31. Nf3 g6 32. Nd4 Nc4 33. Re2 Bf8 34. Bf3 Bg7 35. Nxb3 axb3 36. Bxg7 Kxg7 37. Bd5 b2 38. Re1 Na3 39. Ba2 Rb8 40. Bb1 Nxb1 41. Rxb1 Kf6 42. Kf3 Ke5 43. Ke2 Kd5 44. Kd3 Rb3+ 45. Kc2 Kc4 46. h4 h5 47. Kd2 Rb4 48. Kc2 f5 49. f3 Rb5 50. Kd2 Kb3 0-1

[Event "Split op 3rd"]
[Site "Split"]
[Date "2009.03.08"]
[Round "9"]
[White "Mestrovic, Josip"]
[Black "Saric, Branko"]
[Result "0-1"]
[WhiteElo "1814"]
[BlackElo "1899"]
[PlyCount "28"]
[EventDate "2009.02.28"]
[EventType "swiss"]
[EventRounds "9"]
[EventCountry "CRO"]
[SourceTitle "CBM 129 Extra"]
[Source "ChessBase"]
[SourceDate "2009.05.05"]
[SourceVersion "2"]
[SourceVersionDate "2009.05.20"]
[SourceQuality "1"]

1. d4 c6 2. e4 e6 3. c4 d5 4. exd5 exd5 5. Nc3 Nf6 6. Bg5 Bb4 7. cxd5 0-0 8. dxc6 Nxc6 9. Nf3 Bg4 10. Be2 Bxf3 11. Bxf3 Re8+ 12. Be2 Nxd4 13. 0-0 Bxc3 14. bxc3 Nxe2+ 0-1

[Event "Stobrec op"]
[Site "Stobrec"]
[Date "2008.08.01"]
[Round "6"]
[White "Mestrovic, Josip"]
[Black "Vrankovic, Ivan"]
[Result "1-0"]
[WhiteElo "1810"]
[BlackElo "1776"]
[PlyCount "77"]
[EventDate "2008.07.26"]
[EventType "swiss"]
[EventRounds "7"]
[EventCountry "CRO"]
[SourceTitle "EXT 2009"]
[Source "ChessBase"]
[SourceDate "2008.11.26"]
[SourceVersion "1"]
[SourceVersionDate "2008.11.26"]
[SourceQuality "1"]

1. d4 d5 2. Nf3 Nf6 3. c4 dxc4 4. e3 b5 5. a4 Bd7 6. Ne5 c6 7. axb5 cxb5 8. Qf3 Nc6 9. Nxc6 Qc7 10. Ne5 Rc8 11. Bd2 e6 12. Nxd7 Qxd7 13. g3 Be7 14. Bg2 0-0 15. 0-0 b4 16. Rc1 Rc7 17. Bf1 Rfc8 18. Qd1 Nd5 19. e4 Nf6 20. Bf4 Rc6 21. f3 a6 22. Be3 Qb7 23. Nd2 c3 24. bxc3 bxc3 25. Nc4 Rxc4 26. Bxc4 Rxc4 27. Qd3 Qb5 28. Rxc3 Rxc3 29. Qxc3 Qe2 30. Bf2 h6 31. Kg2 Kh7 32. Qe1 Qb5 33. Qf1 Kg6 34. Rxa6 Qxf1+ 35. Kxf1 Kh5 36. Ra7 Ng8 37. d5 exd5 38. exd5 Kg6 39. d6 1-0

[Event "Stobrec op"]
[Site "Stobrec"]
[Date "2008.07.30"]
[Round "4"]
[White "Mestrovic, Josip"]
[Black "Vrankovic, Marko"]
[Result "0-1"]
[WhiteElo "1810"]
[BlackElo "1626"]
[PlyCount "92"]
[EventDate "2008.07.26"]
[EventType "swiss"]
[EventRounds "7"]
[EventCountry "CRO"]
[SourceTitle "EXT 2009"]
[Source "ChessBase"]
[SourceDate "2008.11.26"]
[SourceVersion "1"]
[SourceVersionDate "2008.11.26"]
[SourceQuality "1"]

1. d4 Nf6 2. Nf3 d6 3. c4 Bf5 4. Qb3 Be4 5. Nc3 b6 6. Nxe4 Nxe4 7. g3 Nd7 8. Bg2 Rb8 9. 0-0 e6 10. Qd3 Nef6 11. Ng5 Be7 12. f4 h6 13. e4 hxg5 14. fxg5 Ng4 15. Qf3 Nge5 16. dxe5 Nxe5 17. Qf4 Kd7 18. b4 Rf8 19. Rd1 Nxc4 20. Bf1 b5 21. Bxc4 bxc4 22. e5 d5 23. Qxc4 Rxb4 24. Qc3 Qb8 25. Ba3 Qb6+ 26. Kh1 d4 27. Bxb4 c5 28. Ba5 Qc6+ 29. Kg1 Bxg5 30. Rab1 Qe4 31. Qb2 Be3+ 32. Kf1 Qh1+ 33. Ke2 Qxh2+ 34. Kd3 c4+ 35. Kxc4 Rc8+ 36. Kd3 Qh7+ 37. Ke2 Rc2+ 38. Bd2 Rxb2 39. Rxb2 Qh5+ 40. Ke1 Qh1+ 41. Ke2 Qg2+ 42. Kd3 Qf3 43. Kc2 Qe2 44. Rb7+ Kc6 45. Rxf7 Qc4+ 46. Kb1 Qd3+ 0-1

[Event "CRO-ch U17"]
[Site "Bjelolasica"]
[Date "2007.07.31"]
[Round "2"]
[White "Mestrovic, Josip"]
[Black "Patarcic, Domagoj"]
[Result "0-1"]
[WhiteElo "1746"]
[BlackElo "1979"]
[PlyCount "112"]
[EventDate "2007.07.30"]
[EventType "swiss"]
[EventRounds "9"]
[EventCountry "CRO"]
[SourceTitle "CBM 119 Extra"]
[Source "ChessBase"]
[SourceDate "2007.09.04"]
[SourceVersion "1"]
[SourceVersionDate "2007.09.04"]
[SourceQuality "1"]

1. d4 Nf6 2. Nf3 e6 3. c4 b6 4. g3 Bb7 5. Bg2 Be7 6. 0-0 0-0 7. b3 d5 8. Nbd2 Nbd7 9. Bb2 c5 10. Ne5 cxd4 11. Nxd7 Qxd7 12. Bxd4 dxc4 13. Nxc4 Bxg2 14. Kxg2 Qd5+ 15. Kg1 Rfd8 16. Bxf6 Bxf6 17. Rc1 Qg5 18. Qc2 h5 19. h4 Qg4 20. Ne3 Qh3 21. Rfd1 g5 22. hxg5 Bxg5 23. Qe4 Bxe3 24. Qxe3 Qg4 25. Rxd8+ Rxd8 26. Rc4 Qf5 27. Ra4 Rd7 28. Rc4 e5 29. Qh6 Rd4 30. Rxd4 exd4 31. Qd2 Qe5 32. Kg2 Kg7 33. Kf3 f5 34. Qg5+ Kf8 35. Qh6+ Ke7 36. Qh7+ Kd6 37. Qh6+ Kd5 38. Qf4 Qe4+ 39. Qxe4+ fxe4+ 40. Kf4 b5 41. b4 d3 42. exd3 exd3 43. Ke3 Kc4 44. Kd2 Kd4 45. f3 a6 46. a3 Kc4 47. g4 h4 48. g5 Kd5 49. Kxd3 h3 50. g6 Ke6 51. Kd4 h2 52. Kc5 h1Q 53. Kb6 Qxf3 54. Kxa6 Qxa3+ 55. Kxb5 Qd3+ 56. Kc6 Qc2+ 0-1

[Event "Solin op"]
[Site "Solin"]
[Date "2007.01.27"]
[Round "8"]
[White "Mestrovic, Josip"]
[Black "Bozanic, Ivica"]
[Result "0-1"]
[WhiteElo "1735"]
[BlackElo "2252"]
[PlyCount "62"]
[EventDate "2007.01.20"]
[EventType "swiss"]
[EventRounds "9"]
[EventCountry "CRO"]
[SourceTitle "CBM 116 Extra"]
[Source "ChessBase"]
[SourceDate "2007.03.07"]
[SourceVersion "1"]
[SourceVersionDate "2007.03.07"]
[SourceQuality "1"]

1. d4 f5 2. e4 fxe4 3. Nc3 Nf6 4. Bg5 Nc6 5. Bxf6 exf6 6. d5 Ne5 7. Nxe4 f5 8. Ng3 g6 9. Qe2 Qe7 10. 0-0-0 Bh6+ 11. Kb1 0-0 12. Nf3 d6 13. h4 Qf6 14. Nxe5 dxe5 15. h5 g5 16. Qc4 Qd6 17. Ne2 Bd7 18. Nc3 g4 19. Nb5 Bxb5 20. Qxb5 Rab8 21. Be2 a6 22. Qb3 e4 23. f3 gxf3 24. gxf3 Kh8 25. fxe4 fxe4 26. Rdg1 Qe5 27. Qc4 Bg7 28. c3 b5 29. Qd4 Qxd4 30. cxd4 Rf2 31. Re1 Bxd4 0-1

[Event "Solin op"]
[Site "Solin"]
[Date "2007.01.20"]
[Round "1"]
[White "Mestrovic, Josip"]
[Black "Brkic, Ivica"]
[Result "0-1"]
[WhiteElo "1735"]
[BlackElo "2198"]
[PlyCount "56"]
[EventDate "2007.01.20"]
[EventType "swiss"]
[EventRounds "9"]
[EventCountry "CRO"]
[SourceTitle "CBM 116 Extra"]
[Source "ChessBase"]
[SourceDate "2007.03.07"]
[SourceVersion "1"]
[SourceVersionDate "2007.03.07"]
[SourceQuality "1"]

1. d4 Nf6 2. Nf3 e6 3. g3 b6 4. Bg2 Bb7 5. 0-0 d5 6. c4 Nbd7 7. b3 Be7 8. Ba3 0-0 9. Bxe7 Qxe7 10. Nfd2 Ne4 11. Nxe4 dxe4 12. Nc3 f5 13. Qd2 Nf6 14. f3 exf3 15. Bxf3 Bxf3 16. exf3 Rad8 17. Rfe1 Qd7 18. Rad1 Rfe8 19. Kf2 c6 20. b4 h6 21. Re5 Kf7 22. Ne2 Qc7 23. Qc3 Rd7 24. a4 g5 25. a5 g4 26. h3 h5 27. hxg4 hxg4 28. Rh1 gxf3 0-1